[Event "Frankfurt Ch 2005"]
[Site "Ffm-Kalbach, LAZ"]
[Date "2005.05.09"]
[Round "3"]
[White "Smit, Josip"]
[Black "Norgiev, Jürgen"]
[Result "1-0"]
[WhiteElo "1906"]
[BlackElo "1686"]
[PlyCount "153"]
[EventDate "2005.??.??"]

1. e4 d5 2. exd5 Qxd5 3. Nc3 Qa5 4. d4 Nf6 5. Bc4 c6 6. Nge2 Bg4 7. f3 Bh5 8.
Ng3 Bg6 9. O-O e6 10. f4 Bd6 11. Qe2 O-O 12. Bd2 Qb6 13. Kh1 Qc7 14. Nce4 Nxe4
15. Nxe4 Be7 16. Rae1 Nd7 17. Ng5 Bxg5 18. fxg5 Nb6 19. Bb3 Qd8 20. c3 a5 21.
a4 Nd5 22. h4 h5 23. g4 hxg4 24. Qxg4 Qb6 25. Qd1 Rad8 26. h5 Bxh5 27. Qxh5
Qxb3 28. Rf2 Nc7 29. Rh2 Qd5+ 30. Kg1 f6 31. Qh7+ Kf7 32. g6+ Ke8 33. Qxg7 Rd7
34. Qh6 Rg8 35. Rg2 Rdg7 36. Re3 Qxg2+ 37. Kxg2 Rxg6+ 38. Qxg6+ Rxg6+ 39. Kf2
Kd7 40. Rh3 Ne8 41. Bf4 Rg4 42. Kf3 Rg1 43. Rh7+ Rg7 44. Rh1 Nd6 45. b3 Nf7 46.
Rh5 f5 47. c4 Rg1 48. Rh3 Rd1 49. Ke3 Rb1 50. Kd2 Rg1 51. Rh7 Ke8 52. Bc7 Ng5
53. Rh8+ Kd7 54. Bxa5 Ne4+ 55. Ke3 Rg3+ 56. Kf4 Rg4+ 57. Ke5 Ng5 58. Rb8 b5 59.
Rb7+ Ke8 60. Kf6 c5 61. Rb8+ Kd7 62. Rd8+ Kc6 63. axb5+ Kb7 64. Rd7+ Kb8 65.
Rd8+ Kb7 66. d5 Nh7+ 67. Kxe6 Ng5+ 68. Kxf5 Rg1 69. d6 Nf3 70. d7 Nd4+ 71. Ke5
Rg5+ 72. Kf6 Rg1 73. Rb8+ Ka7 74. b6+ Ka6 75. Ra8+ Kb7 76. Ra7+ Kc6 77. Rc7+
1-0

[Event "Frankfurt Ch 2005"]
[Site "Ffm-Kalbach, LAZ"]
[Date "2005.05.09"]
[Round "3"]
[White "Trierweiler, Joachim"]
[Black "Göbel, Andreas"]
[Result "0-1"]
[WhiteElo "1707"]
[BlackElo "1904"]
[PlyCount "90"]
[EventDate "2005.??.??"]

1. e4 c5 2. Nf3 d6 3. d4 cxd4 4. Nxd4 Nf6 5. Nc3 g6 6. Be2 Bg7 7. O-O O-O 8.
Be3 Nc6 9. Kh1 Bd7 10. f4 Rc8 11. Qd2 Nxd4 12. Bxd4 Bc6 13. Bf3 Qa5 14. Rad1 e6
15. Nd5 Qxd2 16. Nxf6+ Bxf6 17. Rxd2 Bxd4 18. Rxd4 e5 19. Rxd6 exf4 20. Rf6
Rfe8 21. Rxf4 Re5 22. Rxf7 Kxf7 23. Bg4+ Ke7 24. Bxc8 Rxe4 25. Rc1 Re2 26. Bh3
g5 27. b4 g4 28. b5 Be4 29. Bxg4 Rxg2 30. Bf5 Rxc2+ 31. Bxe4 Rxc1+ 32. Kg2 h6
33. Bxb7 Rc2+ 34. Kg3 Rxa2 35. h4 Ra4 36. Bc6 Rc4 37. h5 Kd6 38. Kf3 Kc5 39.
Be8 Rb4 40. Ke3 Kd5 41. Kd3 Rb3+ 42. Kc2 Rg3 43. Bg6 Kc4 44. Be8 Rg2+ 45. Kd1
Rg5 0-1

[Event "Frankfurt Ch 2005"]
[Site "Ffm-Kalbach, LAZ"]
[Date "2005.05.09"]
[Round "3"]
[White "Storck, Eike-Werner"]
[Black "Bender, Manfred"]
[Result "1-0"]
[WhiteElo "1894"]
[BlackElo "1676"]
[PlyCount "73"]
[EventDate "2005.??.??"]

1. e4 c5 2. d4 cxd4 3. c3 dxc3 4. Nxc3 Nc6 5. Nf3 d6 6. Bc4 e6 7. O-O a6 8. a4
Qc7 9. Qe2 Nf6 10. Bf4 Nh5 11. Be3 Be7 12. Rac1 Qb8 13. Nd4 Nf6 14. f4 O-O 15.
f5 Nxe4 16. Nxe4 d5 17. f6 Bd8 18. Qg4 g6 19. Qg5 dxe4 20. Qh6 Bxf6 21. Rxf6
Qe5 22. Nxc6 bxc6 23. Rcf1 Bd7 24. R1f4 Qh5 25. Qxh5 gxh5 26. Bc5 Rfd8 27. Rxf7
Be8 28. Rf8+ Kg7 29. Bxe6 Bg6 30. Rxd8 Rxd8 31. Bb4 e3 32. Bc3+ Kh6 33. Rd4 Re8
34. Bc4 Be4 35. h4 Re7 36. Bb4 Re8 37. Bf7 1-0

[Event "Frankfurt Ch 2005"]
[Site "Ffm-Kalbach, LAZ"]
[Date "2005.05.09"]
[Round "3"]
[White "Hülsdunk, Heinz-Jürgen"]
[Black "Simon, Eric"]
[Result "0-1"]
[WhiteElo "1691"]
[BlackElo "1889"]
[PlyCount "48"]
[EventDate "2005.??.??"]

1. d4 Nf6 2. c4 g6 3. Nc3 Bg7 4. e4 O-O 5. f3 d6 6. Bd3 c5 7. d5 e6 8. Nge2
exd5 9. exd5 Re8 10. Bg5 Nbd7 11. f4 Qb6 12. Qd2 Ng4 13. h3 Ne3 14. f5 Nxf5 15.
Bxf5 gxf5 16. O-O-O Ne5 17. b3 Bd7 18. Nf4 h6 19. Bh4 Ng6 20. Bg3 Qa5 21. Nce2
Qa3+ 22. Kb1 b5 23. Nh5 Bh8 24. Bxd6 bxc4 {Rest nicht nachvollziehbar} 0-1

[Event "Frankfurt Ch 2005"]
[Site "Ffm-Kalbach, LAZ"]
[Date "2005.05.09"]
[Round "3"]
[White "Schreyer, Alois"]
[Black "Gehlhar, Michael"]
[Result "1/2-1/2"]
[WhiteElo "1883"]
[BlackElo "1647"]
[PlyCount "52"]
[EventDate "2005.??.??"]

1. e4 d6 2. Nc3 g6 3. g3 Nf6 4. Bg2 Bg7 5. d3 O-O 6. Nf3 c6 7. O-O Nbd7 8. h3
Qc7 9. Qe2 b5 10. d4 b4 11. Nd1 Qa5 12. Re1 e5 13. dxe5 dxe5 14. c3 Ba6 15. Qc2
c5 16. Bd2 Rac8 17. Qb3 bxc3 18. Bxc3 Qc7 19. Qa4 Bd3 20. Nd2 Bh6 21. Ne3 Nb6
22. Qa3 Rfd8 23. b3 Bf8 24. Qb2 Nfd7 25. Rad1 Rb8 26. Qa1 Bg7 {Rest unklar}
1/2-1/2

[Event "Frankfurt Ch 2005"]
[Site "Ffm-Kalbach, LAZ"]
[Date "2005.05.09"]
[Round "3"]
[White "Rondio, Thomas"]
[Black "Hilbenz, Guntram"]
[Result "1/2-1/2"]
[WhiteElo "1680"]
[BlackElo "1877"]
[PlyCount "91"]
[EventDate "2005.??.??"]

1. e4 c5 2. Nf3 e6 3. d4 cxd4 4. Nxd4 a6 5. Be3 Nf6 6. Bd3 Qc7 7. O-O Nc6 8.
Nc3 Bb4 9. Nce2 d5 10. Nxc6 bxc6 11. exd5 exd5 12. c3 Bd6 13. g3 Ng4 14. Bf4
Ne5 15. Nd4 Nxd3 16. Bxd6 Qxd6 17. Qxd3 O-O 18. Nf5 Qf6 19. Nh4 g5 20. Qf3 Kg7
21. Qxf6+ Kxf6 22. Nf3 Bg4 23. Kg2 Rfe8 24. Rfe1 Re6 25. Nd4 Rd6 26. Re3 c5 27.
Nb3 Rc6 28. Rae1 Be6 29. R1e2 g4 30. f4 Bf5 31. Nd2 a5 32. Re8 Raa6 33. Kf2 a4
34. Rb8 Rab6 35. Rxb6 Rxb6 36. Nf1 d4 37. cxd4 cxd4 38. Rd2 Rb4 39. b3 axb3 40.
axb3 Be6 41. Rd3 Bxb3 42. Nd2 Bd5 43. Ra3 Rb2 44. Rd3 Rb4 45. Ra3 Ke7 46. Ra7+
1/2-1/2

[Event "Frankfurt Ch 2005"]
[Site "Ffm-Kalbach, LAZ"]
[Date "2005.05.09"]
[Round "3"]
[White "Krüger, Till"]
[Black "Bauer, Timo"]
[Result "1-0"]
[WhiteElo "1877"]
[BlackElo "1638"]
[PlyCount "43"]
[EventDate "2005.??.??"]

1. e4 d6 2. d4 Nf6 3. Nc3 g6 4. f4 Bg7 5. Nf3 Bg4 6. Be3 c6 7. h3 Bxf3 8. Qxf3
Nfd7 9. O-O-O Qa5 10. e5 d5 11. f5 Na6 12. Bg5 gxf5 13. Qxf5 Nc7 14. Bd3 Ne6
15. Rhf1 O-O-O 16. Be3 Rhf8 17. Qh5 Nxe5 18. dxe5 d4 19. Bxd4 Rxd4 20. Rxf7
Qxe5 21. Qxe5 Bxe5 22. Bf5 1-0

[Event "Frankfurt Ch 2005"]
[Site "Ffm-Kalbach, LAZ"]
[Date "2005.05.09"]
[Round "3"]
[White "Höhler, Bernd"]
[Black "Fischer, Arthur"]
[Result "1/2-1/2"]
[WhiteElo "1654"]
[BlackElo "1875"]
[PlyCount "37"]
[EventDate "2005.??.??"]

1. e4 e6 2. d4 d5 3. Nc3 Bb4 4. e5 c5 5. a3 Bxc3+ 6. bxc3 Ne7 7. Nf3 Nbc6 8.
Be2 O-O 9. O-O Nf5 10. Bd3 h6 11. Re1 cxd4 12. Bxf5 exf5 13. cxd4 Be6 14. Be3
Rc8 15. c3 b6 16. Rc1 Na5 17. Nd2 Nc4 18. Nxc4 Rxc4 19. f4 1/2-1/2

[Event "Frankfurt Ch 2005"]
[Site "Ffm-Kalbach, LAZ"]
[Date "2005.05.09"]
[Round "3"]
[White "Vogelgesang, Marc"]
[Black "Busic, Nedjeljko"]
[Result "0-1"]
[WhiteElo "1626"]
[BlackElo "1857"]
[PlyCount "73"]
[EventDate "2005.??.??"]

1. e4 d6 2. d4 Nf6 3. Nc3 g6 4. Be3 Bg7 5. Qd2 Ng4 6. Bf4 e5 7. dxe5 Nxe5 8.
Bh6 O-O 9. h4 Bxh6 10. Qxh6 Ng4 11. Qd2 h5 12. O-O-O Be6 13. Nf3 Qf6 14. Nb5
Na6 15. Nbd4 Nc5 16. Re1 a5 17. Nxe6 Nxe6 18. Bc4 a4 19. Bxe6 fxe6 20. a3 Ra6
21. Re2 Rb6 22. c3 c5 23. Rf1 Qf4 24. Qxf4 Rxf4 25. Nd2 Rc6 26. f3 Nh6 27. Rd1
b5 28. g3 Rf8 29. Re3 Kg7 30. Kc2 b4 31. Nc4 bxa3 32. bxa3 Nf7 33. Red3 Rd8 34.
Nb2 Ne5 35. Re3 Rb8 36. f4 Rxb2+ 37. Kxb2 0-1

[Event "Frankfurt Ch 2005"]
[Site "Ffm-Kalbach, LAZ"]
[Date "2005.05.09"]
[Round "3"]
[White "Jordake, Michael"]
[Black "Rätsch, Kurt"]
[Result "1-0"]
[WhiteElo "1593"]
[BlackElo "1852"]
[PlyCount "120"]
[EventDate "2005.??.??"]

1. e4 c5 2. Nf3 Nc6 3. d4 cxd4 4. Nxd4 e5 5. Nb5 d6 6. N1c3 a6 7. Na3 Be6 8.
Nc4 b5 9. Ne3 Nf6 10. Bd3 Nb4 11. Be2 Be7 12. a3 Nc6 13. O-O O-O 14. Ned5 Nd4
15. h3 Rc8 16. Bg5 Nxd5 17. exd5 Bxg5 18. dxe6 fxe6 19. Bg4 Qf6 20. Ne4 Qg6 21.
Nxg5 Qxg5 22. c3 Nf5 23. Qe2 Rf6 24. Rad1 Rcf8 25. Qe4 h5 26. Bxf5 exf5 27. Qc6
f4 28. f3 Rg6 29. Rf2 Rff6 30. Qxa6 Qf5 31. Kf1 Qd7 32. Re2 Rg3 33. Rxe5 Rxf3+
34. Kg1 Rxh3 35. Qa8+ Kh7 36. Qe4+ Rg6 37. Rg5 Rg3 38. Rxh5+ Kg8 39. Qd5+ Kf8
40. Rh8+ Ke7 41. Re1+ Re3 42. Rxe3+ fxe3 43. Qf3 Rf6 44. Qxe3+ Kf7 45. Ra8 Re6
46. Qf2+ Rf6 47. Ra7 Rxf2 48. Rxd7+ Ke6 49. Kxf2 Kxd7 50. Ke3 Kc6 51. Kd4 g5
52. g4 d5 53. b3 Kd6 54. c4 dxc4 55. bxc4 bxc4 56. Kxc4 Ke5 57. a4 Kf4 58. a5
Kxg4 59. a6 Kf3 60. a7 g4 1-0

[Event "Frankfurt Ch 2005"]
[Site "Ffm-Kalbach, LAZ"]
[Date "2005.05.09"]
[Round "3"]
[White "Achelrod, Alexandre"]
[Black "Radtke, Thoralf"]
[Result "1/2-1/2"]
[WhiteElo "1847"]
[BlackElo "1584"]
[PlyCount "116"]
[EventDate "2005.??.??"]

1. d4 f5 2. c4 Nf6 3. Nc3 g6 4. Nf3 Bg7 5. Bf4 d6 6. Qd2 O-O 7. Bh6 Ne4 8. Nxe4
fxe4 9. Bxg7 Kxg7 10. Ng5 d5 11. cxd5 Qxd5 12. h4 h6 13. Nh3 Nc6 14. e3 e5 15.
Rc1 Qd6 16. Qc3 exd4 17. exd4 Rf7 18. Bc4 Re7 19. d5+ Ne5 20. Nf4 Kh7 21. Ne2
Ng4 22. Qd4 Bd7 23. Bb3 Rf8 24. Rf1 Ne5 25. Kd2 Bb5 26. Qc5 e3+ 27. fxe3 Qxc5
28. Rxc5 Rxf1 29. Rxb5 b6 30. Nf4 Ng4 31. Bc2 Rf2+ 32. Kc3 Rxe3+ 33. Nd3 Rxg2
34. Rb4 Nf6 35. Rd4 Ne4+ 36. Kb3 Nc5+ 37. Kc3 Ne4+ 38. Kb3 Nd6 39. a4 a5 40.
Rf4 Rgg3 41. Kc3 Kg7 42. Kd4 Nf5+ 43. Kc4 Re2 44. Bb1 Nd6+ 45. Kd4 Rd2 46. Kc3
Rd1 47. Bc2 Rh1 48. Kd2 Rh2+ 49. Kc3 Nf5 50. Rc4 Ne3 51. Rxc7+ Kf6 52. Bb3 Rxh4
53. d6 Nf5 54. Rf7+ Kg5 55. d7 Rxd3+ 56. Kxd3 Rd4+ 57. Kc3 Rd6 58. Bc4 Nd4
1/2-1/2

[Event "Frankfurt Ch 2005"]
[Site "Ffm-Kalbach, LAZ"]
[Date "2005.05.09"]
[Round "3"]
[White "Gottlieb, Herbert"]
[Black "Schirmer, Karl-Heinz"]
[Result "0-1"]
[WhiteElo "1579"]
[BlackElo "1846"]
[PlyCount "76"]
[EventDate "2005.??.??"]

1. d4 Nf6 2. Nf3 d5 3. e3 g6 4. Nbd2 Bg7 5. c3 O-O 6. b4 Nbd7 7. a4 Re8 8. Bd3
e5 9. dxe5 Nxe5 10. Nxe5 Rxe5 11. Nf3 Bg4 12. h3 Bxf3 13. Qxf3 Ne4 14. Bxe4
dxe4 15. Qe2 Rg5 16. O-O Bxc3 17. Bb2 Bxb4 18. Qc4 Qe7 19. Qd4 f6 20. Qxf6 Qxf6
21. Bxf6 Rf5 22. Rab1 a5 23. Bh4 Rd5 24. Rfd1 Rd3 25. Kf1 c5 26. Ke2 c4 27.
Rbc1 Rc8 28. f3 Rxd1 29. Kxd1 Rc7 30. Ke2 Kf7 31. fxe4 Ke6 32. g4 c3 33. Be1 c2
34. Bg3 Rc8 35. Kd3 Rc3+ 36. Kd2 Ra3+ 37. Kxc2 Rxe3 38. Bb8 Rxh3 0-1

[Event "Frankfurt Ch 2005"]
[Site "Ffm-Kalbach, LAZ"]
[Date "2005.05.09"]
[Round "3"]
[White "Gutacker, Stephan"]
[Black "Pröstler, Rene"]
[Result "1-0"]
[WhiteElo "1827"]
[BlackElo "1615"]
[PlyCount "53"]
[EventDate "2005.??.??"]

1. e4 Nc6 2. Nf3 d6 3. d4 Nf6 4. d5 Ne5 5. Nxe5 dxe5 6. Bd3 e6 7. c4 Bc5 8. O-O
Bd7 9. Nc3 O-O 10. Bg5 h6 11. Bh4 g5 12. Bg3 Bd4 13. Rb1 Re8 14. Bc2 exd5 15.
exd5 c5 16. h4 Bg4 17. Qd2 Nh5 18. Bh2 f5 19. Kh1 f4 20. f3 Bxf3 21. gxf3 g4
22. fxg4 Ng3+ 23. Bxg3 fxg3 24. Qxh6 Re7 25. Rf5 Qd7 26. Ne4 Rf7 27. Rg5+ 1-0

[Event "Frankfurt Ch 2005"]
[Site "Ffm-Kalbach, LAZ"]
[Date "2005.05.09"]
[Round "3"]
[White "Ortiz-Rodriguez, Jose"]
[Black "Lemonidis, Christos"]
[Result "0-1"]
[WhiteElo "1260"]
[BlackElo "1822"]
[PlyCount "94"]
[EventDate "2005.??.??"]

1. e4 d6 2. Nc3 g6 3. Nf3 Bg7 4. Be2 e5 5. O-O Nh6 6. d4 Nd7 7. dxe5 dxe5 8.
Ng5 c6 9. Bc4 Qe7 10. Qf3 Nb6 11. Bb3 f6 12. Nh3 Be6 13. Bxe6 Qxe6 14. Qg3
O-O-O 15. f4 exf4 16. Nxf4 Qe7 17. Qh3+ f5 18. exf5 Nxf5 19. Kh1 Kb8 20. Nd3
Rdf8 21. Bf4+ Ka8 22. Rae1 Qh4 23. Qxh4 Nxh4 24. Nc5 Bxc3 25. bxc3 Nd5 26. Ne6
Rf7 27. g3 Nf5 28. c4 Nxf4 29. gxf4 b6 30. Ng5 Rd7 31. Re6 c5 32. Nf3 Nd4 33.
Nxd4 Rxd4 34. Re7 Rxc4 35. f5 gxf5 36. Rxf5 Rxc2 37. Rff7 Rxa2 38. Rb7 Rd8 39.
Rbd7 Re8 40. Rfe7 Rxe7 41. Rxe7 a5 42. Rxh7 a4 43. h4 a3 44. Rh6 Rb2 45. Rh8+
Kb7 46. Rh7+ Kc6 47. Ra7 a2 0-1

[Event "Frankfurt Ch 2005"]
[Site "Ffm-Kalbach, LAZ"]
[Date "2005.05.09"]
[Round "3"]
[White "Lux, Andreas"]
[Black "Reuter, Klaus"]
[Result "1-0"]
[WhiteElo "1801"]
[BlackElo "1443"]
[PlyCount "65"]
[EventDate "2005.??.??"]

1. d4 Nf6 2. Bg5 Ne4 3. Bf4 d5 4. Nd2 Nd6 5. e3 c6 6. Bd3 e6 7. Ngf3 Be7 8. Ne5
Nd7 9. Ndf3 Nf6 10. g4 Nfe4 11. g5 Qa5+ 12. c3 g6 13. Qc2 Qd8 14. h4 f6 15.
gxf6 Bxf6 16. O-O-O a5 17. Rdg1 a4 18. Ng4 Bg7 19. Nfe5 a3 20. b4 Nb5 21. Bxe4
dxe4 22. c4 Nc7 23. Qxe4 Qe7 24. c5 Nd5 25. Bg5 Qc7 26. h5 Nxb4 27. Qb1 Nd5 28.
hxg6 Nc3 29. Qc2 Qa5 30. gxh7 Nxa2+ 31. Qxa2 Qc3+ 32. Qc2 Qb4 33. Qg6+ 1-0

[Event "Frankfurt Ch 2005"]
[Site "Ffm-Kalbach, LAZ"]
[Date "2005.05.09"]
[Round "3"]
[White "Brehme, Ralf"]
[Black "Plötz, Hans-Jürgen"]
[Result "1-0"]
[WhiteElo "1790"]
[BlackElo "1266"]
[PlyCount "53"]
[EventDate "2005.??.??"]

1. f4 e5 2. fxe5 d6 3. exd6 Bxd6 4. Nf3 Nf6 5. g3 Nc6 6. Bg2 Bc5 7. c3 O-O 8.
d4 Be7 9. Qd3 a6 10. O-O Rb8 11. Nbd2 Na7 12. e4 b5 13. Nh4 c5 14. Nf5 Bxf5 15.
Rxf5 g6 16. Rf1 a5 17. Nf3 Nc6 18. Bf4 Rb6 19. d5 c4 20. Qe2 Bc5+ 21. Be3 Bxe3+
22. Qxe3 Na7 23. Rad1 Re8 24. e5 Nc8 25. Qd4 Nh5 26. Bh3 Ng7 27. Bxc8 1-0

[Event "Frankfurt Ch 2005"]
[Site "Ffm-Kalbach, LAZ"]
[Date "2005.05.09"]
[Round "3"]
[White "Fischer, Manfred"]
[Black "Bonilla Guzman, Jerson A"]
[Result "0-1"]
[WhiteElo "1779"]
[BlackElo "1067"]
[PlyCount "40"]
[EventDate "2005.??.??"]

1. e4 c5 2. Nf3 Nc6 3. d4 cxd4 4. c3 dxc3 5. Nxc3 d6 6. Bc4 e6 7. O-O Nf6 8.
Qe2 Be7 9. Rd1 e5 10. h3 O-O 11. Bg5 Nd7 12. Bxe7 Qxe7 13. Nb5 Nb6 14. Bb3 Na5
15. Rac1 Nxb3 16. Rc7 Bd7 17. axb3 Bxb5 18. Rxe7 Bxe2 19. Rxd6 Bxf3 20. gxf3
Nc8 0-1

[Event "Frankfurt Ch 2005"]
[Site "Ffm-Kalbach, LAZ"]
[Date "2005.05.09"]
[Round "3"]
[White "Diaz, Joaquin"]
[Black "Stricker, Konstantin"]
[Result "1-0"]
[WhiteElo "2012"]
[BlackElo "1693"]
[PlyCount "97"]
[EventDate "2005.??.??"]

1. e4 c5 2. Nf3 Nc6 3. d4 cxd4 4. Nxd4 d6 5. Bc4 e6 6. Nc3 Nf6 7. Be3 Be7 8.
Qe2 a6 9. O-O-O Nxd4 10. Bxd4 Qc7 11. e5 Nd7 12. exd6 Bxd6 13. Bxe6 O-O 14. Nd5
Qd8 15. Qg4 Ne5 16. Bxe5 Bxe5 17. Bxc8 Rxc8 18. f4 Bf6 19. Qf5 Rc6 20. Rhe1 Kh8
21. Nxf6 Qxf6 22. Qxf6 Rxf6 23. g3 g6 24. Re7 b5 25. Rdd7 Kg8 26. c3 h5 27. Kc2
h4 28. Kb3 hxg3 29. hxg3 Kg7 30. a4 bxa4+ 31. Kxa4 Rh8 32. Re3 Rh2 33. b4 Rc6
34. Kb3 Rh1 35. Ree7 Rf6 36. Re3 Rh3 37. Red3 Re6 38. c4 Re1 39. c5 Rb1+ 40.
Kc4 Rc1+ 41. Kd5 Rb1 42. Rb7 a5 43. b5 a4 44. c6 Rb3 45. Rxb3 axb3 46. c7 b2
47. c8=Q b1=Q 48. Qc3+ Kf8 49. Rb8+ 1-0

[Event "Frankfurt Ch 2005"]
[Site "Ffm-Kalbach, LAZ"]
[Date "2005.05.09"]
[Round "3"]
[White "Arvin, Manutcher"]
[Black "Stein, Wolfgang"]
[Result "1-0"]
[WhiteElo "1753"]
[BlackElo "1676"]
[PlyCount "69"]
[EventDate "2005.??.??"]

1. e4 e5 2. Nf3 f5 3. Nxe5 Qf6 4. d4 d6 5. Nc4 fxe4 6. Nc3 Qg6 7. f3 Nf6 8.
fxe4 Be7 9. g3 O-O 10. Bg2 Nh5 11. Qd3 Nc6 12. Nd5 Bh4 13. Bd2 Nxg3 14. hxg3
Bxg3+ 15. Kd1 Bf2 16. Nce3 Bg4+ 17. Kc1 Rf7 18. Nxg4 Qxg4 19. Bh3 Qh4 20. Nxc7
Raf8 21. Ne6 Rf3 22. Nxf8 Rxd3 23. Be6+ Kxf8 24. Rxh4 Rf3 25. Rxh7 Bxd4 26. Rh1
Be5 27. c3 Bf6 28. Kc2 Ke7 29. Bd5 Ne5 30. Bxb7 Rf2 31. Raf1 Rg2 32. Rhg1 Rh2
33. Bd5 g5 34. Rh1 Rg2 35. Rh7+ 1-0

[Event "Frankfurt Ch 2005"]
[Site "Ffm-Kalbach, LAZ"]
[Date "2005.05.09"]
[Round "3"]
[White "Krpan, Alojz"]
[Black "Kasper, Werner"]
[Result "1/2-1/2"]
[WhiteElo "1417"]
[BlackElo "1716"]
[PlyCount "64"]
[EventDate "2005.??.??"]

1. e4 e5 2. Bc4 Nc6 3. Nf3 Bc5 4. c3 Bb6 5. d4 Qe7 6. d5 Nb8 7. Qd3 d6 8. Be3
Nf6 9. h3 Nbd7 10. Bb5 O-O 11. b4 Bxe3 12. Qxe3 Ne8 13. Qg5 Qxg5 14. Nxg5 h6
15. Nf3 g6 16. Nh4 Kh7 17. O-O Nef6 18. Nd2 Nh5 19. g3 Ndf6 20. Kh2 g5 21. Nf5
Bd7 22. Bxd7 Nxd7 23. h4 Ndf6 24. f3 Ng7 25. hxg5 hxg5 26. Ne3 Rh8 27. Kg2 Kg6
28. Rh1 Rxh1 29. Rxh1 Nfh5 30. Nf5 Rh8 31. Nxg7 Kxg7 32. Nc4 Nf6 1/2-1/2

[Event "Frankfurt Ch 2005"]
[Site "Ffm-Kalbach, LAZ"]
[Date "2005.05.09"]
[Round "3"]
[White "Mahnke, Ralf"]
[Black "Pomeranets, Igor"]
[Result "1/2-1/2"]
[WhiteElo "1702"]
[BlackElo "1459"]
[PlyCount "101"]
[EventDate "2005.??.??"]

1. d4 g6 2. c4 Bg7 3. Nc3 e6 4. Nf3 Ne7 5. e4 O-O 6. Be2 b6 7. O-O Bb7 8. Be3
d5 9. cxd5 exd5 10. e5 Nf5 11. Bg5 Qd7 12. Rc1 Ba6 13. b4 Bxe2 14. Qxe2 c6 15.
a3 h6 16. Bf4 b5 17. Rc2 a5 18. Rfc1 g5 19. Be3 axb4 20. axb4 Na6 21. Rb1 Nxe3
22. Qxe3 Qf5 23. Qc1 Rac8 24. h3 Rfe8 25. Ne2 Qe6 26. Ra2 Ra8 27. Ng3 Nc7 28.
Rba1 Bf8 29. Qc3 Rxa2 30. Rxa2 Ra8 31. Rxa8 Nxa8 32. Nh5 Be7 33. Nf6+ Bxf6 34.
exf6 Nb6 35. Qc5 Nd7 36. Qe7 Nxf6 37. Qxe6 fxe6 38. Ne5 Ne4 39. Nxc6 Nc3 40.
Kf1 Kf7 41. Ke1 Kf6 42. Kd2 Ne4+ 43. Ke3 Nd6 44. Kd3 Nc4 45. Na7 Nd6 46. Nc6
Nc4 47. Na5 e5 48. f3 Nd6 49. Nb3 Nf5 50. dxe5+ Kxe5 51. Nd2 1/2-1/2

[Event "Frankfurt Ch 2005"]
[Site "Ffm-Kalbach, LAZ"]
[Date "2005.05.09"]
[Round "3"]
[White "Rotermund, Verena"]
[Black "Witt, Holger"]
[Result "1-0"]
[WhiteElo "1762"]
[BlackElo "1476"]
[PlyCount "79"]
[EventDate "2005.??.??"]

1. e4 e6 2. d4 d5 3. Nc3 dxe4 4. Nxe4 Be7 5. Nf3 Nf6 6. Ng3 c5 7. c3 cxd4 8.
cxd4 Nc6 9. a3 a6 10. Bd3 O-O 11. O-O Qb6 12. b4 Rd8 13. Be3 Nd5 14. Qc2 g6 15.
h4 Nxe3 16. fxe3 f5 17. h5 Bd7 18. hxg6 hxg6 19. Ne2 Rac8 20. Qa2 Be8 21. Nf4
Bf7 22. Nxg6 Bf6 23. Rad1 e5 24. Bc4 Rc7 25. Bxf7+ Rxf7 26. Nfh4 Rdd7 27. Rxf5
Bxh4 28. Nxh4 Kg7 29. Qe6 Qb5 30. Qg6+ Kf8 31. Rdf1 Qxf1+ 32. Rxf1 Rxf1+ 33.
Kxf1 Rf7+ 34. Ke1 exd4 35. exd4 Re7+ 36. Kd2 Nxd4 37. Qd6 Nb3+ 38. Kc3 Nc1 39.
Ng6+ Ke8 40. Qxe7# 1-0

[Event "Frankfurt Ch 2005"]
[Site "Ffm-Kalbach, LAZ"]
[Date "2005.05.09"]
[Round "3"]
[White "Pelda, Jaromir"]
[Black "Grunenberg, Sven"]
[Result "1/2-1/2"]
[WhiteElo "1645"]
[BlackElo "1428"]
[PlyCount "94"]
[EventDate "2005.??.??"]

1. e4 c5 2. Nf3 Nc6 3. c3 d5 4. e5 Bg4 5. d4 cxd4 6. cxd4 Qb6 7. Nc3 e6 8. Bb5
Bb4 9. Bxc6+ Qxc6 10. Bd2 Ne7 11. a3 Ba5 12. Rc1 O-O 13. h3 Bh5 14. g4 Bg6 15.
b4 Bd8 16. Be3 Qa6 17. Qb3 f5 18. b5 Qa5 19. Ng5 Bf7 20. f4 Ng6 21. Nxf7 Rxf7
22. g5 Be7 23. a4 Nh4 24. O-O Qd8 25. Ne2 h6 26. Rc3 hxg5 27. fxg5 Bxg5 28. Nf4
Qe8 29. Rfc1 Nf3+ 30. Kg2 Nxd4 31. Qd1 Bxf4 32. Bxf4 Nxb5 33. axb5 Qxb5 34.
Rc8+ Rf8 35. R8c7 Qb2+ 36. R1c2 Qb4 37. Kg3 Rf7 38. Rxf7 Kxf7 39. Bd2 Qe4 40.
Qb1 Qd3+ 41. Kh2 Qe2+ 42. Kg1 Rh8 43. Qxb7+ Kg6 44. Qb3 Qxe5 45. Bc1 Qe1+ 46.
Kh2 Qe5+ 47. Kg2 Qe4+ 1/2-1/2

[Event "Frankfurt Ch 2005"]
[Site "Ffm-Kalbach, LAZ"]
[Date "2005.05.09"]
[Round "3"]
[White "Ludwig, Helmut"]
[Black "Enderlin, Rolf"]
[Result "1/2-1/2"]
[WhiteElo "1411"]
[BlackElo "1636"]
[PlyCount "43"]
[EventDate "2005.??.??"]

1. d4 Nf6 2. c4 g6 3. Nf3 Bg7 4. g3 b6 5. Bg2 Bb7 6. O-O O-O 7. Bd2 d5 8. b3 c5
9. Bc3 dxc4 10. dxc5 Qxd1 11. Rxd1 cxb3 12. axb3 bxc5 13. Nbd2 Rd8 14. Rac1 Na6
15. Ba5 Rdc8 16. Nc4 Rab8 17. Bh3 Re8 18. Nfe5 Bd5 19. Nd7 Bxc4 20. Nxb8 Bxb3
21. Nxa6 Bxd1 22. Rxd1 1/2-1/2

[Event "Frankfurt Ch 2005"]
[Site "Ffm-Kalbach, LAZ"]
[Date "2005.05.09"]
[Round "3"]
[White "Müller, Pascal"]
[Black "Adair, Monte"]
[Result "1-0"]
[WhiteElo "1617"]
[BlackElo "1424"]
[PlyCount "75"]
[EventDate "2005.??.??"]

1. e4 e5 2. Nf3 Nc6 3. Bb5 Be7 4. O-O Nf6 5. Re1 d6 6. h3 Bd7 7. c3 O-O 8. d4
exd4 9. cxd4 Re8 10. Bg5 d5 11. e5 Ne4 12. Bxe7 Rxe7 13. Bd3 Bf5 14. a3 Re6 15.
Nc3 Qd7 16. Nxe4 dxe4 17. Bxe4 Rg6 18. Bxf5 Qxf5 19. Nh4 Qe6 20. d5 Qe8 21.
Nxg6 hxg6 22. dxc6 Qxc6 23. Qb3 Re8 24. Rac1 Qb6 25. Qxb6 cxb6 26. Rc7 Rb8 27.
e6 fxe6 28. Rxe6 Kh8 29. Rxg6 Rg8 30. Rxb7 Kh7 31. Rgxg7+ Rxg7 32. Rxg7+ Kxg7
33. f4 Kf6 34. g4 a5 35. Kf2 b5 36. Ke3 b4 37. a4 Ke6 38. Kd4 1-0

[Event "Frankfurt Ch 2005"]
[Site "Ffm-Kalbach, LAZ"]
[Date "2005.05.09"]
[Round "3"]
[White "Scheerer, Michael"]
[Black "Popp, Matthias"]
[Result "1/2-1/2"]
[WhiteElo "1383"]
[BlackElo "1578"]
[PlyCount "59"]
[EventDate "2005.??.??"]

1. e4 c5 2. Nf3 Nc6 3. d4 cxd4 4. Nxd4 e5 5. Nb3 Nf6 6. Bg5 Be7 7. Bxf6 Bxf6 8.
Nc3 a6 9. Qd2 O-O 10. Rd1 Be7 11. Nd5 Bg5 12. Qd3 d6 13. Be2 f5 14. Ne3 f4 15.
Nc4 Nb4 16. Qxd6 Nxc2+ 17. Kf1 Qxd6 18. Rxd6 Re8 19. Nb6 Rb8 20. a3 Be6 21. Nc5
Be7 22. Rxe6 Bxc5 23. Rxe8+ Rxe8 24. Bc4+ Kh8 25. Bd3 Nd4 26. Nd5 Rc8 27. Ke1
Bb4+ 28. Kd1 Nb3 29. Bc2 Nd4 30. Bd3 1/2-1/2

[Event "Frankfurt Ch 2005"]
[Site "Ffm-Kalbach, LAZ"]
[Date "2005.05.09"]
[Round "3"]
[White "Scharmann, Hartmut"]
[Black "Schukowski, Werner"]
[Result "1-0"]
[WhiteElo "1562"]
[BlackElo "1299"]
[PlyCount "51"]
[EventDate "2005.??.??"]

1. e4 d6 2. d4 g6 3. Nf3 Bg4 4. h3 Bxf3 5. Qxf3 Bg7 6. Bc4 e6 7. Be3 Ne7 8. O-O
O-O 9. Nd2 c6 10. Nb3 b5 11. Bd3 Nd7 12. c3 a6 13. Rad1 f5 14. exf5 Nxf5 15.
Qxc6 Nxe3 16. fxe3 Qe7 17. Rxf8+ Bxf8 18. Qxa8 d5 19. Rf1 Nf6 20. Qxa6 Bh6 21.
Rf3 Ne4 22. Bxe4 dxe4 23. Qc8+ Kg7 24. Rg3 Qh4 25. Qc7+ Kg8 26. Qe5 1-0

[Event "Frankfurt Ch 2005"]
[Site "Ffm-Kalbach, LAZ"]
[Date "2005.05.09"]
[Round "3"]
[White "Gößwein, Dorothee"]
[Black "Junker, Christian"]
[Result "0-1"]
[WhiteElo "1288"]
[BlackElo "1555"]
[PlyCount "111"]
[EventDate "2005.??.??"]

1. e4 c5 2. Nf3 d6 3. d4 cxd4 4. Nxd4 Nf6 5. Nc3 g6 6. Be2 Bg7 7. O-O O-O 8.
Be3 Nc6 9. h3 Bd7 10. Qd2 Rc8 11. Rad1 a6 12. Nf3 Qa5 13. Bh6 b5 14. Bxg7 Kxg7
15. a3 Rfd8 16. Rfe1 b4 17. axb4 Qxb4 18. Bxa6 Ra8 19. Bd3 Nd4 20. Nxd4 Qxd4
21. Qe3 Qxe3 22. Rxe3 Rdb8 23. Rb1 Ra5 24. b4 Ra7 25. e5 dxe5 26. Rxe5 Be6 27.
Rb5 Rxb5 28. Nxb5 Rb7 29. Nd4 Nd5 30. Nxe6+ fxe6 31. b5 Nc3 32. Rb3 Nd5 33. Kf1
Kf6 34. c4 Nf4 35. Be4 Rb8 36. c5 Ke5 37. Bf3 Nd5 38. Ke1 Kd4 39. c6 Nb6 40.
Kd2 Nc4+ 41. Kc2 Kc5 42. Kc3 Nd6 43. Be2 Kb6 44. Kd4 Rf8 45. f3 Rf5 46. g4 Rd5+
47. Ke3 Re5+ 48. Kd3 Rxb5 49. Rxb5+ Nxb5 50. Ke4 Nc7 51. Kf4 Kxc6 52. Kg5 Nd5
53. Bd3 Kc5 54. Kh6 Kd4 55. Be4 Nf6 56. Bb7 {...} 0-1